000 00651nam a2200217Ia 4500
005 20260429112015.0
008 260429s9999||||xx |||||||||||||| ||und||
020 _a9781032657912
041 _aEnglish
082 _a332.17
_bMHL
100 _aMhlanga, David
245 0 _aFintech, financial inclusion, and sustainable development :
_bdisruption, innovation, and growth /
_cDavid Mhlanga
250 _a1st ed.
260 _aNew Delhi :
_bRoutledge,
_c2024.
300 _axi, 274 p.; hb
650 _a Economic growth
650 _a Financial inclusion
650 _a Sustainable development
650 _aFinancial technology
942 _cTB
999 _c51860
_d51860